Statistiques concernant Le prénom des joueurs de foot

Cliquez ici pour prendre le quiz!

Statistiques générales

  • Ce quiz a été pris 160 fois
  • Le résultat moyen est 10 sur 15

Statistiques - réponses

HintRéponse% Correct
HavertzKai
94%
Kolo-MuaniRandal
92%
DraxlerJulian
91%
JotaDiogo
90%
GonalonsMaxime
80%
Choupo-MotingEric Maxime
73%
VlahovicDusan
71%
TonaliSandro
71%
ValverdeFederico
69%
AraujoRonald
64%
LiénardDimitri
55%
KolasinacSead
48%
Ballo-TouréFodé
43%
ChotardJoris
26%
PulgarErick
20%

Distribution des résultats

Percentile par nombre de réponses

% des personnes avec chaque résultat

Votre développement - résultats

Vous n’avez pas pris ce quiz